Statistics for Bordering Countries That Have No Common Colours In Their Flag

Click here to take the quiz!

General Stats

  • This quiz has been taken 19 times
  • The average score is 5 of 20

Answer Stats

Answer% Correct
China(Pakistan)
71%
Greece(Albania)
65%
India(China)
53%
Poland(Ukraine)
41%
Niger(Chad)
41%
Albania(Greece/Kosovo)
35%
Nigeria(Chad)
29%
Chad(Nigeria)
24%
Kosovo(Albania)
24%
Macedonia(Greece)
24%
Georgia(Ukraine)
18%
Hungary(Ukraine)
18%
Belarus(Ukraine)
18%
Botswana(Zambia)
12%
Zambia(Botswana)
6%
China(India)
0%
Burundi(Rwanda)
0%
Pakistan(China)
0%
Rwanda(Burundi)
0%
Ukraine(Belarus/Hungary/Georgia)
0%

Score Distribution

Percentile by Number Answered

Percent of People with Each Score

Your Score History

You have not taken this quiz